| 000 | 00941nas a2200301 4500 | ||
|---|---|---|---|
| 001 | BR2010001819 | ||
| 003 | BR-BrBNA | ||
| 005 | 20231205114214.0 | ||
| 007 | ta | ||
| 008 | 230509b bl.|||p| |||| 00| 00por d | ||
| 040 |
_aBR-BrBNA _bpor _cBiblioteca Nacional de Agricultura |
||
| 041 | _a(Pt) | ||
| 072 | _aT01 | ||
| 100 | 1 | _aPapini, S. | |
| 100 | 1 | _aPrisco, R. de C.B. | |
| 100 | 1 | _aLuchini, L.C. | |
| 100 | 1 | _aSavoy, V.L.T. | |
| 100 | 1 | _aVieira, E. | |
| 100 | 1 | _aNakagawa, L.E. | |
| 245 | 1 | _aAvaliação da dissipação no ambiente do raticida brodifacum formulado como bloco parafinado | |
| 650 | _aRATICIDA | ||
| 650 | _aPERSISTÊNCIA DE PESTICIDA | ||
| 650 | _aCONTAMINAÇÃO | ||
| 650 | _aMEIO AMBIENTE | ||
| 773 | 0 |
_tPesticidas. Revista de Ecotoxicologia e Meio Ambiente (Brazil) _xISSN 0103-7277 _g(Jan-Dec 2009), v. 19 p. 39-48 _wBR2010001819 |
|
| 909 |
_a202311 _bLúcia _c55 _dLúcia Elande |
||
| 942 |
_2AGRIS _n0 _cANA |
||
| 999 |
_c207601 _d207601 |
||